Pages choises

Bewaard in:
Bibliografische gegevens
Hoofdauteur: Péguy, Charles Pierre (Auteur)
Formaat: Boek
Taal:Frans
Gepubliceerd in: París Hachette 1952
Reeks:Classiques Illustres Vaubourdolle
Onderwerpen:
Tags: Voeg label toe
Geen labels, Wees de eerste die dit record labelt!

MARC

LEADER 00000nam a2200000 a 4500
001 UCY9817
003 CL-VaPUC
008 950720e19520000FR |||||||||||||||||fre|d
082 0 4 |a 841  |b PEG  |2 21 
100 0 |a Péguy, Charles Pierre  |e author  |9 332774 
245 1 0 |a Pages choises 
300 |a 96 p 
942 |c BK 
945 |d 19950720 00:00:00  |a rbrito 
260 |a París  |b Hachette  |c 1952 
650 0 |a Poesías francesas  |9 265467 
583 |a last modification  |c 19950720 00:00:00  |k Rodrigo Vera 
490 0 |a Classiques Illustres Vaubourdolle 
999 |c 236852  |d 236850 
952 |0 0  |1 0  |4 0  |6 841_000000000000000_PEG_1952  |7 0  |8 A  |9 245197  |a BIBEDU  |b BIBEDU  |d 2019-11-18  |i 3102165  |o 841 PEG 1952  |p 3102165  |r 2019-11-18  |w 2019-11-18  |y BK  |k LIT